Entrepreneurship / (Record no. 8896)

MARC details
000 -LEADER
fixed length control field 02202nac a22003371u 4500
010 ## - LIBRARY OF CONGRESS CONTROL NUMBER
LC control number 2006018889
020 ## - INTERNATIONAL STANDARD BOOK NUMBER
International Standard Book Number 0073210560 (alk. paper)
020 ## - INTERNATIONAL STANDARD BOOK NUMBER
International Standard Book Number 9780073210568 (alk. paper)
035 ## - SYSTEM CONTROL NUMBER
System control number (OCoLC)ocm70129081
035 ## - SYSTEM CONTROL NUMBER
System control number (OCoLC)70129081
082 00 - DEWEY DECIMAL CLASSIFICATION NUMBER
Classification number 658.421
Item number HIS
090 ## - LOCALLY ASSIGNED LC-TYPE CALL NUMBER (OCLC); LOCAL CALL NUMBER (OCLC)
-- 8896
-- 8896
100 ## - MAIN ENTRY--PERSONAL NAME
Personal name Hisrich, Robert D.
245 10 - TITLE STATEMENT
Title Entrepreneurship /
Statement of responsibility, etc Robert D. Hisrich, Michael P. Peters, Dean A. Shepherd.
250 ## - EDITION STATEMENT
Edition statement 7th ed.
Remainder of edition statement MacGraw-Hill International ed.
260 ## - PUBLICATION, DISTRIBUTION, ETC. (IMPRINT)
Place of publication, distribution, etc Boston :
Name of publisher, distributor, etc McGraw-Hill/Irwin,
Date of publication, distribution, etc c2008.
300 ## - PHYSICAL DESCRIPTION
Extent xviii, 648 p. :
Other physical details ill. ;
Dimensions 27 cm.
504 ## - BIBLIOGRAPHY, ETC. NOTE
Bibliography, etc Includes bibliographical references and index.
505 0# - FORMATTED CONTENTS NOTE
Formatted contents note The entrepreneurial perspective -- The nature and importance of entrepreneurs -- The entrepreneur and intrapreneurial mind -- The individual entrepreneur -- International entrepreneurship opportunities -- Creating and starting the venture -- Creativity and the business idea -- Legal issues for the entrepreneur -- The business plan: creating and starting the venture -- The marketing plan -- The organizational plan -- The financial plan -- Financing the new venture -- Sources of capital -- Informal risk capital and venture capital -- Managing, growing, and ending the new venture -- Entrepreneurial strategy: Generating and exploiting new entries -- Strategies for growth and managing the implications of growth -- Accessing resources for growth from external sources -- Going public -- Ending the venture.
650 #0 - SUBJECT ADDED ENTRY--TOPICAL TERM
Topical term or geographic name as entry element New business enterprises.
650 #0 - SUBJECT ADDED ENTRY--TOPICAL TERM
Topical term or geographic name as entry element Entrepreneurship.
650 #0 - SUBJECT ADDED ENTRY--TOPICAL TERM
Topical term or geographic name as entry element Business planning.
650 #0 - SUBJECT ADDED ENTRY--TOPICAL TERM
Topical term or geographic name as entry element Business enterprises
General subdivision Finance.
650 #0 - SUBJECT ADDED ENTRY--TOPICAL TERM
Topical term or geographic name as entry element Success in business.
700 1# - ADDED ENTRY--PERSONAL NAME
Personal name Peters, Michael P.
700 1# - ADDED ENTRY--PERSONAL NAME
Personal name Shepherd, Dean A.
856 41 - ELECTRONIC LOCATION AND ACCESS
Materials specified Table of contents only
Uniform Resource Identifier <a href="http://www.loc.gov/catdir/toc/ecip0615/2006018889.html">http://www.loc.gov/catdir/toc/ecip0615/2006018889.html</a>
856 41 - ELECTRONIC LOCATION AND ACCESS
Materials specified Publisher description
Uniform Resource Identifier <a href="http://www.loc.gov/catdir/enhancements/fy0662/2006018889-d.html">http://www.loc.gov/catdir/enhancements/fy0662/2006018889-d.html</a>
856 41 - ELECTRONIC LOCATION AND ACCESS
Materials specified Contributor biographical information
Uniform Resource Identifier <a href="http://www.loc.gov/catdir/enhancements/fy0737/2006018889-b.html">http://www.loc.gov/catdir/enhancements/fy0737/2006018889-b.html</a>
942 ## - ADDED ENTRY ELEMENTS (KOHA)
Item type Book - Borrowing
Call number prefix 658.421HIS
Holdings
Withdrawn status Item status Damaged status Not for loan Home library Current library Shelving location Date acquired Source of acquisition Total Checkouts Total Renewals Full call number Barcode Date last seen Date last borrowed Koha item type
        Central Library Central Library First floor 30/03/2008 Purchase 4 96 658.421HIS 000010859 15/07/2025 23/11/2019 Book - Borrowing